000 00249nam a2200109Ia 4500
008 190216s9999||||xx |||||||||||||| ||und||
100 _aBary Lox
245 4 _aThe Fall Of Scot Land Yard
260 _bPenguin Books
650 _aEnglish
942 _cBK
999 _c12851
_d12851